000 00328nam a2200145Ia 4500
100 _aValvano/Jonathan
942 _cBK
366 _f15
654 _aembedded
245 _aEmbedded Microcomputer systems:Real time interfacing
260 _bThomson/Brooks
_c2000
082 _a4.16
_bVAL
300 _a839
546 _aENGLISH
999 _c32452
_d32452